000 00655cam a2200205 a 4500
001 000009622
005 20200929161639.0
008 741022s1968 ve 000 f spa
040 _aDO-SdBNP
_cOU
_dOCoLC
_dDLC
082 _aV863.44
_bS824e
100 1 _aStempel París, Antonio,
_d1926-
_924474
245 1 0 _aEsquinas de la ciudad :
_brelatos /
_cAntonio Stempel París.
260 _aCaracas, (Venezuela) :
_bMonte Ávila,
_c[1968].
300 _a78 p. ;
_c18 cm.
490 1 _aContinente
650 4 _aNovela venezolana
_93962
650 4 _aLiteratura venezolana
_ySIGLO XX
_99777
830 0 _aContinente.
_95070
910 _aCatalogación por copia / LC
999 _c9382
_d9382